| 000 | 00840cab a2200241 4500 | ||
|---|---|---|---|
| 001 | WB3520-34 | ||
| 008 | 090401t1999 xxu||||| |||| 00| 0 eng d | ||
| 035 | _a(Sirsi) u93557 | ||
| 041 | _aeng | ||
| 245 | _aPutting life back into the High Street | ||
| 260 | _c1999 | ||
| 350 | _a0 | ||
| 490 |
_aPlanning (for the Natural and Built Environment) _v(1319) 21 May 1999, 9(1) |
||
| 520 | _aReports on the launch of a Civic Trust report, Investing in the high street. This outlines eleven principles to support town centre regeneration and is available from the Civic Trust for £25 (0171 930 0914). | ||
| 650 | _aCIVIC TRUST | ||
| 650 | _aHIGH STREETS | ||
| 650 | _aTOWN CENTRE REGENERATION | ||
| 650 | _aTOWN CENTRES | ||
| 650 | _aURBAN REGENERATION | ||
| 690 | _aPLANNING LAW AND PRACTICE | ||
| 942 | _n0 | ||
| 948 | _c26/05/1999 | ||
| 999 |
_c59287 _d59287 |
||